| 000 | 00595nam a22001457a 4500 | ||
|---|---|---|---|
| 020 | _a978-1-4075-3128-1 | ||
| 082 |
_a823 _bMON/T |
||
| 100 | _aPORYES, MICHAEL | ||
| 245 |
_aHANNA MONTANA _bTRUTH OR DARE |
||
| 260 |
_aUNITED KINGDOM _bPARRAGON _c2008 |
||
| 300 | _a126 | ||
| 520 | _aMiley Stewart adores all the e-mail that Hannah Montana's fans send her. But when she gets one from a girl at her own school, Miley takes things a few steps too far. Will Miley's matchmaking work out? Or will it backfire, and ruin one of her closest friendships? | ||
| 650 |
_aNOVELS _zUNITED KINGDOM |
||
| 942 | _cBK | ||
| 999 |
_c2325 _d2325 |
||